LEADER 01481nam a2200289 i 4500 001 991003946819707536 005 20030107111839.0 008 020314s|||| it ||| | ita 035 $ab11886833-39ule_inst 035 $aEXGIL150016$9ExL 040 $aDip.to Filol. Ling. e Lett.$bita 082 0 $a633.109451 100 1 $aPanero, Francesco$0166967 245 13$aIl seme, l'aratro, la messe :$ble coltivazioni frumentarie in Piemonte dalla preistoria alla meccanizzazione agricola /$ca cura di Rinaldo Comba e Francesco Panero 260 0 $aCuneo :$bSocietà per gli studi storici, archeologici ed artistici della Provincia di Cuneo,$c1996 300 $a316 p. :$bill. ;$c24 cm. 490 0 $aDa Cuneo all'Europa ;$v5 500 $aIn testa al front.: Società per gli studi storici, archeologici ed artistici della Provincia di Cuneo, Centro studi storico-etnografici Augusto Doro 500 $aAtti del convegno Montagne e pianure: le coltivazioni frumentarie in Piemonte dalla preistoria alla meccanizzazione agricola, Rocca de' Baldi, 27-28 ottobre 1995. 650 4$aCereali - Coltivazione$zPiemonte$xStoria 700 1 $aComba, Rinaldo 907 $a.b11886833$b28-04-17$c07-01-03 912 $a991003946819707536 945 $aLE008 FL.M. (Tr.p.) I B 185$g1$i2008000035471$lle008$o-$pE0.00$q-$rl$s- $t0$u0$v0$w0$x0$y.i12143546$z07-01-03 996 $aSeme, l'aratro, la messe$9902277 997 $aUNISALENTO 998 $ale008$b01-01-02$cm$da $e-$fita$git $h3$i1 LEADER 00945nam 2200289 450 001 9910432456803321 005 20250408132017.0 010 $a9788815290816 100 $a20210204d2020----u y0engy50 ba 101 0 $aita 102 $aIT 105 0 $aa 00 200 1 $aRapporto annuale sull'economia dell'immigrazione$eedizione 2020$edieci anni di economia dell'immigrazione$fFondazione Leone Moressa 210 $aBologna$cil Mulino$d2020 215 $a208 p.$cill.$d22 cm 320 $aContiene riferimenti bibl. (pp. 191-204) 610 0 $aImmigrazioni$aItalia$aSec. 21. 610 0 $aStranieri$aItalia$aSec. 21. 676 $a331.62$v22$zita 710 02$aFondazione Leone Moressa$4570$0479608 912 $a9910432456803321 952 $aMIGR. 146$b753/2021$fFSPBC 952 $a331.62 MOR 8$b8020$fbfs 959 $aFSPBC 959 $aBFS 996 $aRapporto annuale sull'economia dell'immigrazione$940546 997 $aUNINA